000 00605nam a2200229Ia 4500
008 180523s9999 xx 000 0 und d
020 _a981-240-592-5
050 _aMAIN HG 4026
050 _b.B75 2000
100 _aBrigham, Eugene F.
245 0 _aFundamentals of Financial Management /
245 0 _cEugene F. Brigham, Joel F. Houston.
250 _a9th Edition
260 _aSingapore :
260 _bThomson Learning,
260 _c2000
300 _a959 pages:
300 _billustrations ;
300 _c25 cm.
500 _aIncludes index.
650 _aCorporations -- Finance.
999 _c357254
_d357254